[Event "Open "B""]
[Site "Schwarzach"]
[Date "1998.08.22"]
[Round "1.1"]
[White "Schoenberger, Franz"]
[Black "Walkner, Karl"]
[Result "0-1"]
[WhiteElo "1664"]
[BlackElo "1884"]
[PlyCount "76"]
[EventDate "1998.08.30"]

1. c4 Nf6 2. Nc3 e6 3. g3 d5 4. cxd5 exd5 5. d4 c6 6. Bg2 Bd6 7. Nf3 O-O 8. O-O
Re8 9. a3 Nbd7 10. b4 Nb6 11. b5 Bd7 12. a4 Nc4 13. Nd2 Bb4 14. bxc6 Bxc6 15.
Qb3 Nxd2 16. Bxd2 Bxc3 17. Qxc3 Rxe2 18. Be3 Rc8 19. Bh3 $2 { } 19... Bd7 $1
20. Qd3 Rxe3 21. Qxe3 21... Bxh3 $19 22. Rfb1 Qd7 23. Rb2 h6 24. Rab1 b6 25. a5
Bf5 26. Ra1 b5 27. a6 Ne4 28. Qb3 Nc3 29. f3 Qe6 30. Kf2 Qf6 31. Qb4 Rc4 32.
Qa5 Qxd4+ 33. Kg2 Rc6 34. Rc1 Qf6 35. Rd2 d4 36. Qb4 Rc4 37. Qb3 Qe6 38. Qb2
Bh3+ 0-1

[Event "Open "B""]
[Site "Schwarzach"]
[Date "1998.08.22"]
[Round "1.2"]
[White "Klinger, Josef sen."]
[Black "Raab, Erich"]
[Result "1/2-1/2"]
[WhiteElo "1868"]
[BlackElo "1644"]
[PlyCount "122"]
[EventDate "1998.08.30"]

1. e4 e5 2. d4 exd4 3. Nf3 d6 4. Nxd4 Nf6 5. Nc3 h6 6. Be2 Nc6 7. Be3 Be7 8. f4
O-O 9. O-O Bd7 10. Rf2 Qc8 11. h3 Nxd4 12. Bxd4 Bc6 13. Bf3 b5 14. a3 Qb7 15.
Qd3 Rad8 16. Re1 Rfe8 17. b4 a6 18. Rfe2 Nd7 19. Nd5 Bh4 20. Bf2 Bxf2+ 21. Kxf2
Nb6 22. Nxb6 Qxb6+ 23. Qe3 Qb7 24. Qd4 Re7 25. Re3 Rde8 26. g4 Qb8 27. c4 bxc4
28. Qxc4 Bb5 29. Qd4 Qd8 30. e5 dxe5 31. Qxd8 Rxd8 32. Rxe5 Red7 33. Re8+ Rxe8
34. Rxe8+ Kh7 35. Be4+ g6 36. Ke3 Kg7 37. Re5 Kf6 38. Rd5 Re7 39. Kd4 Rd7 40.
h4 Ke7 41. g5 hxg5 42. hxg5 Rd6 43. Bc2 43... Ke6 { } 44. f5+ gxf5 45. Bxf5+
Ke7 46. Ke5 Bd7 47. Bd3 Re6+ 48. Kd4 Rb6 49. Bc4 Be6 50. Re5 Kd7 51. Bd3 Kd6
52. Ra5 Bc8 53. Bc4 Ke7 54. Re5+ Be6 55. Kc5 Kd7 56. Bxe6+ Rxe6 57. Rxe6 Kxe6
58. Kc6 Kf5 59. Kxc7 Kxg5 60. a4 f5 61. b5 axb5 1/2-1/2

[Event "Open "B""]
[Site "Schwarzach"]
[Date "1998.08.22"]
[Round "1.4"]
[White "Junger, Gerald"]
[Black "Sigl, Martin"]
[Result "1-0"]
[WhiteElo "1862"]
[BlackElo "1640"]
[PlyCount "43"]
[EventDate "1998.08.30"]

1. c4 e5 2. Nc3 Nf6 3. Nf3 d6 4. g3 h6 5. Bg2 Bf5 6. d4 exd4 7. Nxd4 Bc8 8. O-O
a6 9. h3 Be7 10. e4 Nbd7 11. f4 O-O 12. Be3 Nc5 13. b4 Ne6 14. Nf5 Rb8 15. Qe2
Re8 16. Rad1 Nf8 17. Nd4 Bd7 18. e5 dxe5 19. fxe5 N6h7 20. Bd5 { } 20... Ne6
21. Nxe6 fxe6 22. Bxe6+ 1-0

[Event "Open "B""]
[Site "Schwarzach"]
[Date "1998.08.22"]
[Round "1.5"]
[White "Ruhle, Ernst"]
[Black "Windhofer, Johann"]
[Result "0-1"]
[WhiteElo "1630"]
[BlackElo "1859"]
[PlyCount "42"]
[EventDate "1998.08.30"]

1. b4 e5 2. Bb2 d6 3. e3 Nf6 4. Nf3 g6 5. Be2 Bg7 6. O-O O-O 7. c4 b6 8. d4
exd4 9. exd4 Bb7 10. Nc3 Re8 11. Re1 Nbd7 12. b5 d5 13. Qb3 a6 14. a4 axb5 15.
axb5 Rxa1 16. Bxa1 dxc4 17. Qxc4 Bxf3 18. gxf3 Nh5 19. Ne4 Ndf6 20. Bd3 Nf4 21.
Bc3 21... Nxe4 { } 0-1

[Event "Open "B""]
[Site "Schwarzach"]
[Date "1998.08.22"]
[Round "1.6"]
[White "Wingeder, Hans-Peter"]
[Black "Kohlbauer, Josef"]
[Result "1-0"]
[WhiteElo "1851"]
[BlackElo "1624"]
[PlyCount "103"]
[EventDate "1998.08.30"]

1. e4 c5 2. Nf3 Nc6 3. d4 cxd4 4. Nxd4 d6 5. Nc3 a6 6. Be2 Bd7 7. O-O e6 8. Be3
Be7 9. Nb3 Nf6 10. f4 O-O 11. Qe1 Nb4 12. Qd2 Rc8 13. Bf3 d5 14. exd5 14...
exd5 { } 15. a3 Nc6 16. Nxd5 Nxd5 17. Bxd5 Qc7 18. Qf2 Nb8 19. c3 Bb5 20. Rfd1
Nd7 21. Nd4 Bc4 22. Nf5 Nf6 23. Bb6 Bc5 24. Bxc5 Qxc5 25. Qxc5 Rxc5 26. Bxc4
Rxc4 27. g3 Re4 28. Rd2 g6 29. Nd6 Re7 30. Rad1 b5 31. c4 bxc4 32. Nxc4 Ne4 33.
Rd4 f5 34. Rd7 Kf7 35. Ne5+ Ke6 36. Rxe7+ Kxe7 37. Rd7+ Ke6 38. Ra7 Kd5 39.
Rxa6 Rc8 40. Rb6 Rc1+ 41. Kg2 Rc2+ 42. Kh3 g5 43. Rb5+ Nc5 44. fxg5 Ke4 45. g6
Ne6 46. Nf7 Nd4 47. Re5+ Kd3 48. g7 Nf3 49. Rxf5 Ng1+ 50. Kg4 h5+ 51. Kxh5
Rxh2+ 52. Kg4 1-0

[Event "Open "B""]
[Site "Schwarzach"]
[Date "1998.08.22"]
[Round "1.8"]
[White "Rechberger, Stefan"]
[Black "Schmidt, Walter"]
[Result "1/2-1/2"]
[WhiteElo "1841"]
[BlackElo "1591"]
[PlyCount "108"]
[EventDate "1998.08.30"]

1. e4 e6 2. d4 d5 3. e5 c5 4. c3 Nc6 5. Nf3 Qb6 6. Bd3 Bd7 7. Bc2 cxd4 8. cxd4
Nge7 9. a3 Nf5 10. Bxf5 exf5 11. Nc3 Be6 12. b4 a6 13. O-O Be7 14. Qb3 14...
Nxd4 { } 15. Nxd5 Ne2+ 16. Kh1 Qc6 17. Nxe7 Kxe7 18. Qe3 Nc3 19. Qg5+ Kf8 20.
Bb2 Ne4 21. Qe3 h6 22. Rac1 Qb5 23. Nd2 Nxd2 24. Qxd2 Kg8 25. Rfd1 Kh7 26. Rc5
Qb6 27. Rc3 Rhd8 28. Rd3 Rxd3 29. Qxd3 Qxf2 30. Bd4 Qf4 31. Rf1 Qg5 32. Be3 Qe7
33. Bc5 Qe8 34. Rd1 Rc8 35. Kg1 Rc7 36. Qe3 Qc6 37. Rd6 Qa4 38. Rd2 Rd7 39.
Rxd7 Qxd7 40. h3 Qd1+ 41. Kh2 Bd5 42. Qg3 Qh5 43. Bf8 Qg6 44. Qxg6+ Kxg6 45.
Be7 f4 46. a4 f3 47. gxf3 Bxf3 48. Kg3 Bc6 49. a5 h5 50. Kf4 Bd7 51. h4 f6 52.
exf6 gxf6 53. Bc5 Kf7 54. Bd6 Ke6 1/2-1/2

[Event "Open "B""]
[Site "Schwarzach"]
[Date "1998.08.22"]
[Round "1.9"]
[White "Sniesko, Robert"]
[Black "Karios, Peter"]
[Result "0-1"]
[WhiteElo "1585"]
[BlackElo "1840"]
[PlyCount "94"]
[EventDate "1998.08.30"]

1. c4 e5 2. Nc3 Nf6 3. g3 Nc6 4. Bg2 Bc5 5. d3 O-O 6. Bg5 h6 7. Bxf6 Qxf6 8.
Ne4 Bb4+ 9. Nc3 e4 10. Qd2 exd3 11. Qxd3 Re8 12. Nf3 Ne5 13. Nxe5 Qxe5 14. Rc1
14... d6 { } 15. O-O Bxc3 16. Qxc3 Qxc3 17. Rxc3 Rxe2 18. Re3 Rxe3 19. fxe3 Be6
20. b3 Rb8 21. e4 Kf8 22. Kf2 Ke7 23. Ke3 b5 24. cxb5 Rxb5 25. Rf2 a5 26. Rc2
c5 27. Bf1 Rb4 28. Bc4 Bxc4 29. Rxc4 Rxc4 30. bxc4 a4 31. Kd3 Ke6 32. Kc3 Ke5
33. Kd3 g5 34. Ke3 g4 35. Kd3 f5 36. exf5 Kxf5 37. Ke3 Ke5 38. Kd3 d5 39. cxd5
Kxd5 40. Kc3 h5 41. Kd3 c4+ 42. Kc2 Kd4 43. Kd2 c3+ 44. Kc2 Kc4 45. Kc1 Kd3 46.
Kd1 c2+ 47. Kc1 a3 0-1

[Event "Open "B""]
[Site "Schwarzach"]
[Date "1997.08.22"]
[Round "1.10"]
[White "Gossmann, Ewald"]
[Black "Reichl, Ingeborg"]
[Result "1-0"]
[WhiteElo "1830"]
[BlackElo "1579"]
[PlyCount "77"]
[EventDate "1998.08.30"]

1. Nf3 Nf6 2. d4 c5 3. d5 d6 4. Nc3 g6 5. e4 Nbd7 6. Be2 Bg7 7. h3 a6 8. a4 O-O
9. Be3 Qc7 10. Qd2 Re8 11. O-O b6 12. Rfd1 Rb8 13. Bc4 Nh5 14. Qd3 Qb7 15. Rab1
Ne5 16. Nxe5 Bxe5 17. Ne2 b5 18. axb5 axb5 19. Ba2 19... b4 { } 20. g4 Ng7 21.
f4 Bf6 22. g5 Bxh3 23. gxf6 exf6 24. Kh2 Qd7 25. Rg1 Qc8 26. Rg3 Bd7 27. f5 Bb5
28. Bc4 Qa6 29. Bxb5 Qxb5 30. Nf4 g5 31. Rbg1 Kf8 32. Nh3 Qxd3 33. cxd3 Ra8 34.
Nxg5 fxg5 35. Rxg5 Nxf5 36. Rxf5 Ra2 37. Rg2 Re7 38. Bf4 Rd7 39. Bh6+ 1-0

[Event "Open "B""]
[Site "Schwarzach"]
[Date "1998.08.23"]
[Round "2.1"]
[White "Walkner, Karl"]
[Black "Seher, Karl-Heinz"]
[Result "1/2-1/2"]
[WhiteElo "1884"]
[BlackElo "1755"]
[PlyCount "109"]
[EventDate "1998.08.30"]

1. e4 d6 2. d4 g6 3. Nf3 Bg7 4. c3 Nf6 5. Bd3 O-O 6. Na3 Nbd7 7. O-O c5 8. Re1
cxd4 9. cxd4 a6 10. Bd2 b5 11. Rc1 Bb7 12. Qe2 Rc8 13. Rxc8 Qxc8 14. Rc1 Qa8
15. Re1 Ne8 16. Bc3 e6 17. Nc2 Nc7 18. Bb4 Ne8 19. Ba5 Nef6 20. Bb4 Ne8 21. Qe3
Qd8 22. Qf4 e5 23. Qe3 a5 24. Bd2 b4 25. Rd1 exd4 26. Nfxd4 Nc5 27. f3 Nc7 28.
Bc4 Qf6 29. Qf4 Qe7 30. Qg3 Kh8 31. Bf4 Be5 32. Bxe5+ dxe5 33. Nb5 Nxb5 34.
Bxb5 Nxe4 35. fxe4 Qc5+ 36. Ne3 Qxb5 37. Nd5 Bxd5 38. Qxe5+ f6 39. Qxd5 Qb6+
40. Qd4 Qc6 41. Qd6 Rc8 42. Qxc6 Rxc6 43. Rd2 Rc4 44. Re2 Kg7 45. Kf2 Kf7 46.
Ke3 Ke6 47. Kd3 Rc8 48. Kd4 h5 49. h3 Rc1 50. Rd2 Ra1 51. b3 Rc1 52. Ke3 Rc3+
53. Rd3 Rc2 54. Rd2 Rc3+ 55. Rd3 1/2-1/2

[Event "Open "B""]
[Site "Schwarzach"]
[Date "1998.08.23"]
[Round "2.2"]
[White "Mooslechner, Peter"]
[Black "Colic, Senad"]
[Result "1-0"]
[WhiteElo "1866"]
[BlackElo "1748"]
[PlyCount "31"]
[EventDate "1998.08.30"]

1. e4 e5 2. Nf3 Nc6 3. Bc4 h6 4. d4 exd4 5. Nxd4 Ne5 6. Be2 Nf6 7. Nc3 Bb4 8.
f4 Nxe4 9. fxe5 { } 9... Qh4+ (9... Nxc3 10. Qd3 (10. bxc3 10... Bxc3+ $19)
10... Qh4+ 11. g3 Nxe2+ 12. Kxe2 12... Qh5+ $19) 10. g3 10... Qh3 $18 (10...
Nxg3 $142 11. Nf3 $16) 11. Bf1 Nxc3 12. bxc3 Bxc3+ 13. Bd2 Qxf1+ 14. Rxf1 Bxd4
15. Qf3 Rf8 16. Bc3 1-0

[Event "Open "B""]
[Site "Schwarzach"]
[Date "1998.08.23"]
[Round "2.3"]
[White "Elasad, Muhammat"]
[Black "Junger, Gerald"]
[Result "0-1"]
[WhiteElo "1757"]
[BlackElo "1862"]
[PlyCount "88"]
[EventDate "1998.08.30"]

1. e4 c5 2. d4 cxd4 3. f4 e6 4. Nf3 Nf6 5. Bd3 Nc6 6. a3 a6 7. O-O d6 8. b4 h6
9. h3 Qc7 10. Nbd2 Bd7 11. Nb3 e5 12. f5 Rc8 13. Qe1 Be7 14. Qg3 Rf8 15. Qf2 b5
16. g4 Nh7 17. Kh2 Ng5 18. Nxg5 hxg5 19. Nd2 a5 20. bxa5 Nxa5 21. Nf3 f6 22.
Rb1 Nc4 23. Kg2 Bc6 24. h4 { } 24... d5 25. Re1 dxe4 26. Bxe4 Nd6 27. Bxc6+
Qxc6 28. hxg5 Ne4 29. Qf1 Qxc2+ 30. Bd2 Nxd2 31. Qxb5+ Qc6 32. Qxc6+ Rxc6 33.
Rb8+ Bd8 34. Nxd2 Kd7 35. Ne4 Rc2+ 36. Kf3 Rh8 37. Reb1 Rh3+ 38. Ng3 Rc3+ 39.
Ke4 Rhxg3 40. Kd5 Rxa3 41. Rh1 Ra5+ 42. Kc4 Rc3+ 43. Kb4 Raa3 44. Rb1 Be7+ 0-1

[Event "Open "B""]
[Site "Schwarzach"]
[Date "1998.08.23"]
[Round "2.4"]
[White "Windhofer, Johann"]
[Black "Mitteregger, Klaus"]
[Result "0-1"]
[WhiteElo "1859"]
[BlackElo "1739"]
[PlyCount "63"]
[EventDate "1998.08.30"]

1. d4 b6 2. c4 e6 3. Nc3 Bb7 4. Bf4 g5 5. Bg3 h5 6. h3 Nf6 7. e3 Ne4 8. Nxe4
Bxe4 9. a3 d6 10. f3 Bb7 11. Bd3 Bg7 12. Ne2 f5 13. Qc2 Qf6 14. O-O-O Nd7 15.
Be1 O-O-O 16. Bc3 Qf7 17. d5 Bxc3 18. Nxc3 Nc5 19. Nb5 Kb8 20. dxe6 Qxe6 21.
Rhe1 Rhf8 22. Nd4 Nxd3+ 23. Qxd3 Qe5 24. f4 gxf4 25. exf4 Qxf4+ 26. Rd2 Rde8
27. Rf1 Qg5 28. Nf3 Qh6 29. Kb1 Re3 30. Qd4 Rfe8 31. Qh4 Qe6 32. Qxh5 {Time}
0-1

[Event "Open "B""]
[Site "Schwarzach"]
[Date "1998.08.23"]
[Round "2.5"]
[White "Steinkogler, Gustav"]
[Black "Wingeder, Hans-P"]
[Result "0-1"]
[WhiteElo "1748"]
[BlackElo "1851"]
[PlyCount "82"]
[EventDate "1998.08.30"]

1. d4 Nf6 2. c4 e6 3. Nf3 Bb4+ 4. Bd2 a5 5. a3 Bxd2+ 6. Nbxd2 d6 7. e4 Nc6 8.
Be2 e5 9. d5 Ne7 10. O-O a4 11. Rc1 Nd7 12. h3 Nc5 13. Nh2 Ng6 14. Bg4 Nf4 15.
Rc3 (15. Bxc8 $11) 15... O-O 16. Qf3 f5 17. Bxf5 Bxf5 18. exf5 Rxf5 19. Ne4
19... Nb3 { } 20. Rxb3 $19 20... axb3 21. g4 Rf8 22. Qxb3 b6 23. Re1 Qh4 24.
Re3 Qe7 25. Kf1 Qd7 26. Rg3 Rfb8 27. g5 Qa4 28. h4 b5 29. Qxa4 bxa4 30. Ng4
Rxb2 31. Re3 Rb1+ 32. Re1 Rb3 33. Re3 Rab8 34. c5 Rxa3 35. Re1 Rh3 36. Kg1 a3
37. cxd6 cxd6 38. Nxd6 a2 39. Nf6+ gxf6 40. gxf6 Rb1 41. f7+ Kf8 0-1

[Event "Open "B""]
[Site "Schwarzach"]
[Date "1998.08.23"]
[Round "2.6"]
[White "Aigner, Mathias"]
[Black "Mueller, Michael"]
[Result "1-0"]
[WhiteElo "1847"]
[BlackElo "1715"]
[PlyCount "75"]
[EventDate "1998.08.30"]

1. d4 Nf6 2. Nf3 e6 3. Bg5 c5 4. c3 d5 5. e3 Nc6 6. Bd3 Be7 7. Nbd2 O-O 8. Ne5
cxd4 9. exd4 h6 10. h4 Nxe5 11. dxe5 Nh7 12. Bf4 f5 13. g4 d4 14. c4 Bxh4 15.
gxf5 exf5 16. Qf3 Bg5 17. O-O-O Be6 18. Rdg1 b5 19. Kb1 Rc8 20. Rc1 bxc4 21.
Bxc4 Bxc4 22. Nxc4 Bxf4 23. Qxf4 Ng5 24. Nd6 Rxc1+ 25. Rxc1 Ne6 26. Qf3 Qa5 27.
Nxf5 Kh8 28. Qe4 Ng5 29. Qb7 29... Qxe5 $19 30. Ne7 Kh7 31. Qxa7 Rxf2 32. Qc7
Qe4+ 33. Ka1 d3 34. Qd8 { } 34... Qe6 $2 (34... Qc4 $1 35. Rb1 (35. Rh1 Rc2 36.
Kb1 36... Ne4 $19) 35... Rc2 36. Qd7 Ne6 37. Nd5 37... Qc6 $19) 35. Qxd3+ 35...
g6 $6 (35... Qe4 36. Qd8 36... Qc4 $15) 36. Nd5 Rf7 37. Qd4 37... Rd7 $4 38.
Nf6+ 1-0

[Event "Open "B""]
[Site "Schwarzach"]
[Date "1998.08.23"]
[Round "2.7"]
[White "Karios, Peter-Alexander"]
[Black "Voigt, Heinz"]
[Result "1/2-1/2"]
[WhiteElo "1840"]
[BlackElo "1704"]
[PlyCount "24"]
[EventDate "1998.08.30"]

1. e4 d6 2. d4 Nf6 3. Nc3 g6 4. Nge2 Bg7 5. Be3 Ng4 6. Bd2 c6 7. h3 Nf6 8. Be3
b5 9. a3 Bb7 10. Qd2 h5 11. e5 dxe5 12. dxe5 12... Qxd2+ { } 1/2-1/2

[Event "Open "B""]
[Site "Schwarzach"]
[Date "1998.08.23"]
[Round "2.9"]
[White "Reschreiter, Hans-P"]
[Black "Delmarko, Dietmar"]
[Result "0-1"]
[WhiteElo "1821"]
[BlackElo "1702"]
[PlyCount "187"]
[EventDate "1998.08.30"]

1. d4 d5 2. c4 c6 3. cxd5 cxd5 4. Nc3 e6 5. Nf3 Nc6 6. Bf4 Bd6 7. Bxd6 Qxd6 8.
e3 a6 9. Rc1 b5 10. Bd3 Nf6 11. O-O O-O 12. h3 Bb7 13. Bb1 Rac8 14. Nd2 Rc7 15.
Nb3 Nd7 16. f4 f5 17. Ne2 Rfc8 18. Qd2 Nb6 19. Rc3 Nc4 20. Qc1 b4 21. Rc2 a5
22. Nc5 Nd8 23. Kh2 Nb6 24. b3 Bc6 25. Qd2 Bb5 26. Rfc1 Qe7 27. Kg1 Nf7 28. Kh2
Nd6 29. Ng1 Ne4 30. Nxe4 fxe4 31. Rxc7 Rxc7 32. Rxc7 Qxc7 33. Ne2 Nc8 34. Qc1
Qxc1 35. Nxc1 Nd6 36. Kg1 Ba6 37. Bc2 Nb5 38. Kf2 Nc3 39. h4 Kf7 40. Ke1 Kg6
41. Kf2 Kh5 42. Kg3 h6 43. Kh3 g5 44. g4+ Kg6 45. fxg5 hxg5 46. h5+ Kf6 47. Kg2
e5 48. dxe5+ Kxe5 49. Kf2 Bb5 50. Kg3 Bd7 51. Kh3 Be6 52. Kg3 d4 53. exd4+ Kxd4
54. h6 Bg8 55. Kf2 Ke5 56. Ke3 Bh7 57. Ne2 Nd5+ 58. Kd2 Nf6 59. Ng3 Kf4 60.
Ne2+ Kf3 61. Ke1 Nxg4 62. Nd4+ Ke3 63. Ne6 Nxh6 64. Nxg5 Bf5 65. Bxe4 Bxe4 66.
Ne6 Nf5 67. Kd1 Ng3 68. Kc1 Ne2+ 69. Kb2 Kd2 70. a3 Nc3 71. axb4 axb4 72. Nc5
Nd1+ 73. Ka1 Bd3 74. Ne6 Kc3 75. Nc7 Kxb3 76. Nd5 Bc2 77. Nxb4 Kxb4 78. Ka2 Kc3
79. Ka1 Bb3 80. Kb1 Ne3 81. Ka1 Nc2+ 82. Kb1 Bc4 83. Kc1 Ba2 84. Kd1 Nd4 85.
Ke1 Nf5 86. Kf2 Bd5 87. Kg1 Kd3 88. Kh2 Ke2 89. Kh3 Bf3 90. Kh2 Kf1 91. Kh3 Kf2
92. Kh2 Bg4 93. Kh1 Ng3+ 94. Kh2 0-1

[Event "Open "B""]
[Site "Schwarzach"]
[Date "1998.08.23"]
[Round "2.10"]
[White "Loeb, Walter"]
[Black "Stadlober, Gerold"]
[Result "1/2-1/2"]
[WhiteElo "1693"]
[BlackElo "1802"]
[PlyCount "58"]
[EventDate "1998.08.30"]

1. e4 c6 2. d4 d5 3. exd5 cxd5 4. c4 Nf6 5. Nc3 g6 6. h3 Bg7 7. Nf3 O-O 8. Be3
Nc6 9. Be2 Bf5 10. O-O Rc8 11. Rc1 dxc4 12. Bxc4 Be4 13. Nxe4 Nxe4 14. b3 a6
15. Bd3 Nf6 16. Qd2 e6 17. Bh6 Nxd4 18. Nxd4 Qxd4 19. Be3 Qd7 20. Rfd1 Rxc1 21.
Qxc1 Rc8 22. Qa3 Rc3 23. Be2 Nd5 24. Bf3 Rc6 25. b4 Rc3 26. Qa5 Qc7 27. Qxc7
Rxc7 28. Bxd5 exd5 29. Rxd5 f5 1/2-1/2

[Event "Open "B""]
[Site "Schwarzach"]
[Date "1998.08.24"]
[Round "3.1"]
[White "Graf, Jutta"]
[Black "Mooslechner, Peter"]
[Result "0-1"]
[WhiteElo "1762"]
[BlackElo "1866"]
[PlyCount "50"]
[EventDate "1998.08.30"]

1. e4 c5 2. f4 Nc6 3. Nf3 d6 4. Nc3 Nf6 5. Bb5 Qb6 6. e5 Nd7 7. exd6 e6 8. f5
Nd4 9. fxe6 Nxe6 10. Qe2 Bxd6 11. Ng5 O-O 12. Nxe6 Re8 13. O-O Rxe6 14. Qf2 Rf6
15. Qe2 c4+ 16. Kh1 Re6 17. Qh5 Nf6 18. Qf3 Re5 19. Bxc4 Bg4 20. Bxf7+ Kh8 21.
Qd3 Rd8 22. Qc4 Rc8 23. Qb3 23... Qf2 { } 24. Rg1 Re1 25. Ne2 Bxe2 0-1

[Event "Open "B""]
[Site "Schwarzach"]
[Date "1998.08.24"]
[Round "3.2"]
[White "Junger, Gerald"]
[Black "Kinzlinger, Georg"]
[Result "0-1"]
[WhiteElo "1862"]
[BlackElo "1769"]
[PlyCount "102"]
[EventDate "1998.08.30"]

1. c4 Nf6 2. Nc3 e5 3. Nf3 Nc6 4. g3 Be7 5. Bg2 O-O 6. d4 exd4 7. Nxd4 Nxd4 8.
Qxd4 c6 9. O-O Qb6 10. Qxb6 axb6 11. h3 Bb4 12. Bd2 d5 13. cxd5 Bxc3 14. Bxc3
Nxd5 15. Bxd5 cxd5 16. Rfd1 Bxh3 17. Rxd5 Be6 18. Rd6 Bxa2 19. Rad1 Ra6 20. Bb4
Re8 21. e4 b5 22. f4 g6 23. Kf2 Rc6 24. Bc3 h5 25. Rd8 Rc8 26. Rxe8+ Rxe8 27.
Rd6 Bc4 28. e5 Be6 29. Rb6 Bd5 30. Rxb5 Bc6 31. Rc5 Rd8 32. b4 Rd5 33. Rc4 Kf8
34. Bd4 Ke7 35. Ke3 Ke6 36. Rc2 Rd8 37. Ra2 Rd7 38. Ra8 Kf5 39. Rg8 Bd5 40. Bc5
Be6 41. Bd6 Kg4 42. Kf2 Bf5 43. Rh8 Be6 44. b5 Bd5 45. b6 Kf5 46. Ke3 Kg4 47.
Kf2 Kf5 48. Rc8 Bc6 49. Ke3 Bd5 50. Kd4 50... Be6 { } 51. Ke3 $4 51... Rxd6 0-1

[Event "Open "B""]
[Site "Schwarzach"]
[Date "1998.08.24"]
[Round "3.3"]
[White "Wingender, Hans-P"]
[Black "Hagenauer, Wilhelm"]
[Result "1-0"]
[WhiteElo "1851"]
[BlackElo "1750"]
[PlyCount "77"]
[EventDate "1998.08.30"]

1. e4 b6 2. d4 Bb7 3. Bd3 e6 4. Nf3 c5 5. c3 cxd4 6. cxd4 Bb4+ 7. Bd2 Bxd2+ 8.
Qxd2 Nf6 9. Nc3 { } 9... Nc6 $2 (9... d5 10. e5 Ne4 11. Qc2 Nxc3 12. bxc3 (12.
Qxc3 Nc6 13. O-O 13... Rc8 $11) 12... h6 $11) 10. e5 Nd5 11. Nxd5 exd5 12. O-O
Qe7 13. a3 Na5 14. Qf4 h6 15. Rac1 Nc4 16. Bxc4 dxc4 17. e6 O-O 18. exd7 Bxf3
19. Qxf3 b5 20. Qc6 Rfd8 21. Qxb5 Qxd7 22. Qxd7 Rxd7 23. Rxc4 Rad8 24. Rd1 f6
25. Kf1 Kf7 26. Ke2 Ke6 27. Kd3 Rb8 28. Kc3 a5 29. b4 axb4+ 30. axb4 Ra7 31.
d5+ Kd7 32. Rd2 Ra3+ 33. Kd4 Rb3 34. Ra2 Rb7 35. g3 R7xb4 36. Rxb4 Rxb4+ 37.
Kc5 Rb7 38. d6 g5 39. f4 1-0

[Event "Open "B""]
[Site "Schwarzach"]
[Date "1998.08.24"]
[Round "3.4"]
[White "Mitteregger, Klaus"]
[Black "Aigner, Matthias"]
[Result "1-0"]
[WhiteElo "1739"]
[BlackElo "1847"]
[PlyCount "109"]
[EventDate "1998.08.30"]

1. c3 d5 2. d4 Nf6 3. Bf4 c6 4. e3 Bf5 5. Nf3 e6 6. Qb3 Qb6 7. Qxb6 axb6 8.
Nbd2 Nbd7 9. Nh4 Bg6 10. Nxg6 hxg6 11. h3 Be7 12. Be2 O-O 13. a3 c5 14. g4 Ne8
15. Bb5 Nb8 16. Nf3 Nd6 17. Bd3 Nc6 18. h4 Ne4 19. Bc7 Bd8 20. Bxd8 Nxd8 21. h5
gxh5 22. Rxh5 g6 23. Rh4 Kg7 24. Bxe4 dxe4 25. Ng5 f5 26. Ke2 Rh8 27. Rxh8 Kxh8
28. f3 exf3+ 29. Kxf3 Kg8 30. Rh1 Kg7 31. Kg3 Kf6 32. Kf4 { } 32... cxd4 33.
cxd4 Nc6 34. Nf3 fxg4 35. Kxg4 e5 36. Nxe5 Nxe5+ 37. dxe5+ Kxe5 38. Kg5 Ke4 39.
Rh7 Re8 40. Kxg6 Kxe3 41. Rxb7 Re6+ 42. Kf5 Rc6 43. Ke5 Kd3 44. Kd5 Rh6 45. Rc7
Rh5+ 46. Kc6 Kc2 47. Kxb6+ Kxb2 48. a4 Kb3 49. a5 Kb4 50. a6 Rb5+ 51. Kc6 Rc5+
52. Kb7 Rb5+ 53. Kc8 Ra5 54. a7 Ka4 55. Kb8 1-0

[Event "Open "B""]
[Site "Schwarzach"]
[Date "1998.08.24"]
[Round "3.5"]
[White "Eder, Herbert"]
[Black "Pinggera, Stefan"]
[Result "1-0"]
[WhiteElo "1780"]
[BlackElo "1528"]
[PlyCount "95"]
[EventDate "1998.08.30"]

1. e4 c5 2. Nf3 d6 3. d4 cxd4 4. Nxd4 Nf6 5. Nc3 g6 6. Be3 Bg7 7. h4 h5 8. Qd2
O-O 9. f3 Nc6 10. O-O-O { } 10... d5 $2 (10... Nxd4 11. Bxd4 11... Be6 $11) 11.
Nxc6 bxc6 12. exd5 cxd5 13. Nxd5 Nxd5 14. Qxd5 Qxd5 15. Rxd5 Be6 16. Ra5 Rfd8
17. Bd3 Rac8 18. Kb1 Rb8 19. b3 Bf6 20. Rxa7 Kf8 21. Ra6 Rb4 22. Bg5 Bxg5 23.
hxg5 Rd5 24. Bc4 Rxc4 25. bxc4 Rxg5 26. Rh2 Bxc4 27. Ra4 Bf1 28. g4 hxg4 29.
Rxg4 Rxg4 30. fxg4 Kg7 31. Rf2 Bh3 32. g5 f6 33. a4 fxg5 34. a5 Bc8 35. c4 g4
36. Kc2 Kh6 37. Kd3 Kg5 38. Ke3 Kh4 39. Rg2 Kh3 40. Kf2 Bb7 41. Rg3+ Kh4 42.
Re3 Bc6 43. Rxe7 g3+ 44. Kg1 Kg5 45. a6 Kf6 46. Re3 g2 47. a7 Kf7 48. Rb3 1-0

[Event "Open "B""]
[Site "Schwarzach"]
[Date "1998.08.24"]
[Round "3.6"]
[White "Delmarko, Dietmar"]
[Black "Zozin, Walter"]
[Result "0-1"]
[WhiteElo "1702"]
[BlackElo "1778"]
[PlyCount "82"]
[EventDate "1998.08.30"]

1. e4 g6 2. d4 Bg7 3. Be3 d6 4. c3 a6 5. g3 e6 6. Bg2 Nd7 7. Nf3 Ne7 8. O-O O-O
9. Qd2 c5 10. Na3 d5 11. exd5 exd5 12. dxc5 Nf5 13. Qxd5 Nxe3 14. fxe3 Qe7 15.
Nc4 Nxc5 16. Rad1 Be6 17. Qd6 17... Rfe8 { } 18. Qxe7 Rxe7 19. Nb6 Rae8 20. a3
Bb3 21. Rd6 Rxe3 22. Nd2 Be5 23. Nbc4 Bxd6 24. Nxd6 Rd8 25. Nxb3 Nxb3 26. Nxf7
Rd2 27. Nh6+ Kg7 28. Ng4 Re7 29. Rf2 Re1+ 30. Rf1 Rxf1+ 31. Kxf1 Rxb2 32. Bxb7
Nd2+ 33. Ke1 Rxb7 34. Kxd2 Rb2+ 35. Kd3 Ra2 36. c4 Rxa3+ 37. Kd4 Rb3 38. Kd5 a5
39. c5 a4 40. c6 a3 41. c7 Rc3 0-1

[Event "Open "B""]
[Site "Schwarzach"]
[Date "1998.08.24"]
[Round "3.7"]
[White "Wiesinger, Wolfgang"]
[Black "Walkner, Karl"]
[Result "0-1"]
[WhiteElo "1680"]
[BlackElo "1884"]
[PlyCount "59"]
[EventDate "1998.08.30"]

1. e4 d5 2. exd5 Nf6 3. Nc3 Nxd5 4. Nxd5 Qxd5 5. Nf3 c5 6. d3 e5 7. Be2 Nc6 8.
O-O Be7 9. Be3 O-O 10. Nd2 Nd4 11. Bxd4 Qxd4 12. c3 Qf4 13. Nc4 Be6 14. Ne3
Rfd8 15. Qc2 15... Rd7 { } 16. Rad1 f5 17. g3 Qg5 18. f4 exf4 19. Rxf4 Bd6 20.
Rdf1 Bxf4 21. Rxf4 Re8 22. d4 cxd4 23. cxd4 Rxd4 24. Rf3 Rc8 25. Qb1 f4 26. Ng2
fxg3 27. Qf1 gxh2+ 28. Kxh2 Bd5 29. Rg3 Qe5 30. Bg4 0-1

[Event "Open "B""]
[Site "Schwarzach"]
[Date "1998.08.24"]
[Round "3.8"]
[White "Klinger, Josef Sen"]
[Black "Hochmayr, Georg"]
[Result "1-0"]
[WhiteElo "1868"]
[BlackElo "1712"]
[PlyCount "73"]
[EventDate "1998.08.30"]

1. e4 c5 2. Nc3 e6 3. g3 Nc6 4. Bg2 Nf6 5. f4 d6 6. Nge2 Be7 7. O-O O-O 8. d3
a6 9. h3 Qc7 10. a4 Rb8 11. Be3 b5 12. axb5 axb5 13. g4 h6 14. Ng3 d5 15. e5
Nd7 16. Nce2 Bb7 17. c3 f6 18. d4 c4 19. exf6 19... Bxf6 { } 20. f5 Nd8 21. Bf4
e5 22. dxe5 Bxe5 23. Bxd5+ Kh8 24. Bxb7 Nxb7 25. Bxe5 Nxe5 26. Nf4 Nd3 27. Qf3
Nxf4 28. Qxf4 Qc5+ 29. Qf2 Qc6 30. Ne2 Nd6 31. Nd4 Qd7 32. Ne6 Rf6 33. Ra7 Nb7
34. Qf4 Qc8 35. Rd1 Ra8 36. Qc7 Qxc7 37. Rxa8+ 1-0

[Event "Open "B""]
[Site "Schwarzach"]
[Date "1998.08.24"]
[Round "3.9"]
[White "Seher, Karl-Heinz"]
[Black "Karios, Peter-Alexander"]
[Result "1-0"]
[WhiteElo "1755"]
[BlackElo "1840"]
[PlyCount "97"]
[EventDate "1998.08.30"]

1. Nf3 Nf6 2. g3 e6 3. Bg2 c5 4. d3 Nc6 5. e4 d6 6. O-O Be7 7. Nbd2 O-O 8. h3
Nd7 9. Re1 f5 10. exf5 exf5 11. Nf1 Bf6 12. c3 Nde5 13. Be3 Nxf3+ 14. Bxf3 Kh8
15. Bg2 Bd7 16. Qd2 Rb8 17. Nh2 Ne5 18. Re2 Bc6 19. Rae1 Bxg2 20. Kxg2 Qc7 21.
Kg1 b5 22. f4 Nc6 23. Nf3 b4 24. c4 Rfe8 25. Bf2 Rxe2 26. Qxe2 Qe7 27. Qxe7
Nxe7 28. d4 b3 29. a3 Nc6 30. dxc5 dxc5 31. Bxc5 (31. Ne5 Nxe5 32. fxe5 Be7 33.
Rd1 $16) 31... Bxb2 32. Bd6 Rd8 33. Rb1 Bd4+ 34. Nxd4 Nxd4 35. c5 a5 36. Be5 (
36. a4 $14) 36... a4 37. Kf2 Nc2 38. Bb2 h6 (38... Rd2+ $17) 39. Ke2 Rc8 40.
Rd1 { } 40... Re8+ (40... Rxc5) 41. Kf2 Kg8 42. Rd7 Ne1 43. c6 Rc8 44. Kxe1
Rxc6 45. Rxg7+ Kf8 46. Rd7 Rg6 47. Kf2 Rc6 48. Rd2 Rc2 49. Rxc2 1-0